000 00483nam a2200205Ia 4500
003 OSt
005 20220713101939.0
008 210423s2007 xx 000 0 und d
020 _a415355044
040 _cAL
041 _aeng
082 _a301.092 BLAT
100 _aBLACKSHAW (Tony).
_948558
245 _aZygmunt Bauman.
260 _aLondon
_bRegal Publications
_c2007
300 _axiii,170
_bPB
365 _b170
_cINR
906 _aBauman. ; Zygmunt
942 _2ddc
_cBK
999 _c156028
_d156028